000 00658nam a2200193 4500
005 20230926122251.0
010 _aENG-133212
020 _a9788181714442
_c1075.00
035 _aEN-116744
037 _bDBAD/PUB
082 _a591.95488
100 _aDevi, Kamla
_957462
245 _aStudies on the Fauna of Mahatma Gandhi Marine National Park:
_bSouth Andaman, w.s.r. to Ixhthyofauna and Entomofauna/
_cBy Kamla Devi
260 _aKolkata
_bZoological Survey of India
_c2016
270 _aM-Block, New Alipor
_bKolkata
_e700051
300 _a107p.
_c24cm(pbk)
700 _aSuresh Kumar Shah
_957463
942 _2ddc
_cEN
_h591.95486
_mDEV
999 _c189048
_d189048